Statistiques concernant Élimination par catégorie - Mots

Cliquez ici pour prendre le quiz!

Statistiques générales

  • Ce quiz a été pris 18 894 fois
  • Le résultat moyen est 11 sur 20

Statistiques - réponses

Groupe#% Correct
Vert633Mot de 3 lettres…
100%
Vert514…commençant par une consonne…
98%
Vert176…contenant A…
96%
Jaune3096Mot commençant par J...
87%
Rouge2623Mot de 4 lettres…
79%
Rouge1221…commençant par une lettre avant H…
74%
Jaune54…et finissant par ANT…
73%
Bleu669Mot de 5 lettres contenant X ou Z…
71%
Bleu394…mais pas de A…
68%
Rouge406…mais après E…
66%
Bleu292…avec exactement deux voyelles…
65%
Jaune40…ne contenant pas de double consonne…
62%
Rouge28…contenant deux voyelles identiques…
49%
Vert27…valant plus de 10 points au Scrabble…
42%
Rouge1…et un K:Geek
19%
Jaune6…de 10 lettres ou plus…
11%
Vert1…pouvant être complété par le préfixe "télé":Fax
11%
Jaune1…ne contenant pas de I:Juxtaposant
8%
Bleu6…dont la lettre du milieu est un C…
6%
Bleu1…et finissant par une voyelle:Exclu
1%

Distribution des résultats

Percentile par nombre de réponses

% des personnes avec chaque résultat

Votre développement - résultats

Vous n’avez pas pris ce quiz